Sports Quiz

Random Sports or NBA Quiz
Score 0/20 Timer 10:00
0 Plays Today
Hint Answer % Correct
lakerslebron james
100%
clipperskawhi leonard
100%
warriorsstephen curry
100%
rocketsjames harden
100%
lakersAnthony Davis
94.1%
76ersjoel embiid
88.2%
clipperspaul george
88.2%
bucksGiannis
82.4%
trail blazersdamian lillard
82.4%
nuggetsNikola jokic
82.4%
Hint Answer % Correct
timberwolvesKarl-anthony towns
82.4%
warriorsDraymond green
82.4%
wizardsbradley beal
82.4%
heatjimmy butler
76.5%
netskyrie irving
76.5%
celticskemba walker
76.5%
pistonsblake griffin
76.5%
rocketsrussell westbrook
76.5%
jazzrudy gobert
70.6%
pelicansjrue holiday
64.7%
Come Together.
Have Fun.
All Virtual.
We all need to come together. Play Sporcle's virtual live trivia to have fun, connect with people, and get your trivia on. Join a live hosted trivia game for your favorite pub trivia experience done virtually. If a virtual private party is more your thing, go here for details.

You're not logged in!

Compare scores with friends on all Sporcle quizzes.
OR
Log In

Sporcle TV

Today on Sporcle TV


Watch our educational content, quiz creation guides, and fun videos on Sporcle TV.

Show Comments

Extras

Created Feb 20, 2020ReportNominate
Tags:NBA Quiz, Player

Top Quizzes Today


Score Distribution

Paid Content

Your Account Isn't Verified!

In order to create a playlist on Sporcle, you need to verify the email address you used during registration. Go to your Sporcle Settings to finish the process.

Report this User

Report this user for behavior that violates our Community Guidelines.

Details: